[Event "Pindamonhangaba op 7th"]
[Site "Pindamonhangaba"]
[Date "2023.03.26"]
[Round "4"]
[White "Miquelin, Nicolas Seoane"]
[Black "Cabral, Gieds Nogueira"]
[Result "1/2-1/2"]
[WhiteElo "2116"]
[BlackElo "1966"]
[PlyCount "86"]
[EventDate "2023.03.24"]
[EventType "swiss"]
[EventRounds "5"]
[EventCountry "BRA"]
[SourceTitle "CBM 213 Extra"]
[Source "ChessBase"]
[SourceDate "2023.05.31"]
[SourceVersion "1"]
[SourceVersionDate "2023.05.31"]
[SourceQuality "1"]

1. e4 c5 2. Nf3 d6 3. d4 cxd4 4. Nxd4 Nf6 5. Nc3 e6 6. g4 a6 7. g5 Nfd7 8. Bg2 Qc7 9. Be3 Nc6 10. f4 Nb6 11. b3 Bd7 12. 0-0 Be7 13. Nxc6 Qxc6 14. Ne2 0-0 15. c4 Qc7 16. f5 exf5 17. exf5 Rfe8 18. Ng3 Bf8 19. Bd4 Bc6 20. f6 g6 21. Rc1 Nd7 22. Re1 Bxg2 23. Kxg2 Ne5 24. Rc3 Re6 25. Ne2 Qc6+ 26. Kg3 Nd7 27. Nf4 Rxe1 28. Qxe1 Nc5 29. Re3 Rd8 30. Nd5 Qd7 31. Re7 Qf5 32. h4 h6 33. Re8 Qd3+ 34. Kh2 Qc2+ 35. Kh1 Rxe8 36. Qxe8 Qd1+ 37. Bg1 Qf3+ 38. Kh2 Ne6 39. Ne7+ Kh8 40. Nxg6+ Kg8 41. Ne7+ Kh8 42. Ng6+ Kg8 43. Ne7+ Kh8 1/2-1/2

[Event "Taubate op 3rd"]
[Site "Taubate"]
[Date "2022.12.04"]
[Round "5"]
[White "Seccafim, Caic Dos Santos"]
[Black "Cabral, Gieds Nogueira"]
[Result "1/2-1/2"]
[WhiteElo "1928"]
[BlackElo "1963"]
[PlyCount "114"]
[EventDate "2022.12.01"]
[EventType "swiss"]
[EventRounds "6"]
[EventCountry "BRA"]
[SourceTitle "CBM 211 Extra"]
[Source "ChessBase"]
[SourceDate "2023.01.31"]
[SourceVersion "1"]
[SourceVersionDate "2023.01.31"]
[SourceQuality "1"]

1. e4 c5 2. Nf3 d6 3. d4 cxd4 4. Nxd4 Nf6 5. Nc3 e6 6. Rg1 Be7 7. g4 d5 8. exd5 Nxd5 9. Bb5+ Bd7 10. Nxd5 exd5 11. Bxd7+ Qxd7 12. Nf5 0-0 13. Be3 Bf6 14. c3 Nc6 15. Qc2 g6 16. Nh6+ Kh8 17. g5 Bg7 18. 0-0-0 b5 19. Bc5 Rfd8 20. Rg3 Rac8 21. Kb1 b4 22. Rgd3 Qc7 23. Rxd5 Rxd5 24. Rxd5 bxc3 25. bxc3 Rb8+ 26. Kc1 Qf4+ 27. Be3 Qc7 28. Qd3 Ne5 29. Qc2 Nc4 30. Rc5 Nxe3 31. Rxc7 Nxc2 32. Nxf7+ Kg8 33. Kxc2 Rf8 34. Nh6+ Bxh6 35. gxh6 Rxf2+ 36. Kb3 Rxh2 37. Rg7+ Kh8 38. Rxa7 Rxh6 39. a4 g5 40. Kc4 g4 41. Kd4 g3 42. Ra8+ Kg7 43. Ra7+ Kf6 44. Ke3 Kg5 45. Kf3 Kh4 46. Kg2 Rh5 47. Rg7 Rd5 48. Rxh7+ Kg4 49. Rg7+ Kf4 50. Rxg3 Rd2+ 51. Kh3 Ra2 52. Rg2 Ra3 53. Rg4+ Ke5 54. Rg5+ Ke6 55. Rg3 Rxa4 56. Kg2 Kd5 57. Kf3 Ra3 1/2-1/2

[Event "Sao Jose dos Campos op"]
[Site "Sao Jose dos Campos"]
[Date "2022.09.10"]
[Round "5"]
[White "Cabral, Gieds Nogueira"]
[Black "Borges, Gabriel Lira"]
[Result "0-1"]
[WhiteElo "1976"]
[BlackElo "1800"]
[PlyCount "100"]
[EventDate "2022.09.08"]
[EventType "swiss"]
[EventRounds "7"]
[EventCountry "BRA"]
[SourceTitle "CBM 210 Extra"]
[Source "ChessBase"]
[SourceDate "2022.11.30"]
[SourceVersion "1"]
[SourceVersionDate "2022.11.30"]
[SourceQuality "1"]

1. e4 d6 2. d4 Nf6 3. Nc3 g6 4. f3 c6 5. Be3 Bg7 6. Qd2 Qc7 7. Bh6 Bxh6 8. Qxh6 Nbd7 9. 0-0-0 b5 10. Bd3 b4 11. Nce2 c5 12. dxc5 Nxc5 13. Bb5+ Bd7 14. Bxd7+ Ncxd7 15. Nh3 Qc4 16. Nd4 Qxa2 17. f4 Qa1+ 18. Kd2 Qxb2 19. Ke2 Nxe4 20. Kf3 Rc8 21. Kxe4 Rc3 22. Rd3 Rxd3 23. cxd3 Nf6+ 24. Kf3 Qxd4 25. Rd1 Qd5+ 26. Kg3 Qh5 27. Qxh5 Nxh5+ 28. Kf3 Kd7 29. Ra1 Ra8 30. Ra6 Kc7 31. Nf2 Nf6 32. Nd1 Kb7 33. Ra4 a5 34. Nb2 d5 35. h3 Kb6 36. Ke3 Rc8 37. Ra2 Kb5 38. Kd2 Rc3 39. Nd1 Rb3 40. Nb2 Ra3 41. Rxa3 bxa3 42. Nd1 a2 43. Nc3+ Kb4 44. Nxa2+ Kb3 45. Nc1+ Kb2 46. Ne2 a4 47. Nc3 Kb3 48. Nb5 Nd7 49. Kc1 Nc5 50. d4 Nd3+ 0-1

[Event "Mombaca op 6th"]
[Site "Mombaca"]
[Date "2022.08.20"]
[Round "4"]
[White "Alves, Danilo Vieira"]
[Black "Cabral, Gieds Nogueira"]
[Result "1/2-1/2"]
[WhiteElo "1762"]
[BlackElo "1985"]
[PlyCount "101"]
[EventDate "2022.08.19"]
[EventType "swiss"]
[EventRounds "6"]
[EventCountry "BRA"]
[SourceTitle "CBM 210 Extra"]
[Source "ChessBase"]
[SourceDate "2022.11.30"]
[SourceVersion "1"]
[SourceVersionDate "2022.11.30"]
[SourceQuality "1"]

1. d4 Nf6 2. Nc3 d5 3. Bf4 g6 4. Nb5 Na6 5. e3 c6 6. Nc3 Nc7 7. Nf3 Bg7 8. h4 Bg4 9. Be2 h6 10. Ne5 Bxe2 11. Qxe2 Ne6 12. Bh2 Qa5 13. f3 Rd8 14. Qd3 Nd7 15. Nxg6 Nec5 16. Qf5 fxg6 17. Qxg6+ Kf8 18. Qf5+ Kg8 19. dxc5 Bxc3+ 20. bxc3 Qxc3+ 21. Ke2 Nf6 22. Be5 Qc4+ 23. Kf2 Rh7 24. Qe6+ Rf7 25. Bxf6 Qxc2+ 26. Kg1 exf6 27. Rh3 Kf8 28. Rg3 Qxc5 29. Re1 Qb4 30. Re2 Re8 31. Qf5 Qc4 32. Kf2 d4 33. f4 dxe3+ 34. Rexe3 Qd4 35. Rgf3 Rxe3 36. Rxe3 Qd5 37. Qxd5 cxd5 38. Re6 Rd7 39. Rxf6+ Kg7 40. Rf5 Kg6 41. g4 b5 42. h5+ Kg7 43. Ke3 a5 44. Kd4 b4 45. Rxd5 Rf7 46. f5 Ra7 47. Rd6 a4 48. Kc4 Rb7 49. Rg6+ Kh7 50. g5 hxg5 51. Rxg5 1/2-1/2

[Event "Mombaca op 6th"]
[Site "Mombaca"]
[Date "2022.08.20"]
[Round "3"]
[White "Cabral, Gieds Nogueira"]
[Black "Miragaia, Pedro Maddi Damian"]
[Result "1-0"]
[WhiteElo "1985"]
[BlackElo "1822"]
[PlyCount "115"]
[EventDate "2022.08.19"]
[EventType "swiss"]
[EventRounds "6"]
[EventCountry "BRA"]
[SourceTitle "CBM 210 Extra"]
[Source "ChessBase"]
[SourceDate "2022.11.30"]
[SourceVersion "1"]
[SourceVersionDate "2022.11.30"]
[SourceQuality "1"]

1. e4 c5 2. Nf3 d6 3. d4 cxd4 4. Nxd4 Nf6 5. Nc3 g6 6. f3 Bg7 7. Bc4 0-0 8. Be3 Nc6 9. Qd2 Bd7 10. Bb3 Rc8 11. 0-0-0 Nxd4 12. Bxd4 b5 13. g4 a5 14. a3 Qc7 15. Kb1 a4 16. Ba2 b4 17. axb4 Rb8 18. g5 Nh5 19. Nd5 Qd8 20. Bxg7 Nxg7 21. f4 Be6 22. Rhf1 Bxd5 23. Bxd5 Qb6 24. c3 e6 25. Ba2 Rfd8 26. Rf3 Rb7 27. Rd3 Rbd7 28. Qe1 Qb7 29. Rh3 Qc6 30. Rd4 e5 31. Bd5 Qa6 32. fxe5 dxe5 33. Rd2 Qa7 34. Rf3 Qb6 35. Rf6 Qc7 36. Rdf2 Ne6 37. c4 Nf4 38. R2xf4 exf4 39. e5 Rxd5 40. cxd5 Qc4 41. d6 Qd3+ 42. Ka1 a3 43. Qc3 Qd1+ 44. Ka2 axb2 45. Kxb2 Ra8 46. d7 Qa1+ 47. Kc2 Ra2+ 48. Kd3 Qd1+ 49. Kc4 Qxd7 50. Rd6 Qc7+ 51. Kd3 Qe7 52. Qc8+ Kg7 53. Rd8 Ra3+ 54. Kc2 Rc3+ 55. Kxc3 Qxe5+ 56. Kb3 Qxg5 57. Qc3+ Kh6 58. Rd3 1-0

[Event "Pindamonhangaba op 1st"]
[Site "Pindamonhangaba"]
[Date "2019.04.07"]
[Round "5"]
[White "Cabral, Gieds Nogueira"]
[Black "Rodrigues, Tiago Pereira"]
[Result "0-1"]
[WhiteElo "1990"]
[BlackElo "2160"]
[PlyCount "159"]
[EventDate "2019.04.06"]
[EventType "swiss"]
[EventRounds "5"]
[EventCountry "BRA"]
[SourceTitle "CBM 190 Extra"]
[Source "ChessBase"]
[SourceDate "2019.07.15"]
[SourceVersion "1"]
[SourceVersionDate "2019.07.15"]
[SourceQuality "1"]

1. e4 c5 2. Nf3 d6 3. d4 cxd4 4. Nxd4 Nf6 5. Nc3 g6 6. Bc4 a6 7. Bb3 Nbd7 8. Be3 Nc5 9. f3 e5 10. Nde2 Nxb3 11. axb3 Be6 12. Qd2 Rc8 13. 0-0 d5 14. exd5 Nxd5 15. Nxd5 Qxd5 16. Rfd1 Qxd2 17. Rxd2 Bb4 18. c3 Be7 19. b4 0-0 20. Nc1 Rfd8 21. Nd3 f6 22. Ra5 Bc4 23. Nf2 Rxd2 24. Bxd2 Kf7 25. f4 Bd6 26. Ne4 Bb8 27. fxe5 fxe5 28. Be3 Rd8 29. Ra1 Bc7 30. Bg5 Bb6+ 31. Kh1 Rd7 32. h3 Ke6 33. Re1 Bd3 34. Nc5+ Bxc5 35. bxc5 Rf7 36. Be3 Kd5 37. Kg1 Kc4 38. Bd2 e4 39. b4 Kb3 40. Rc1 Bc4 41. Be3 Kb2 42. Bd2 Rd7 43. Bf4 Rf7 44. Be3 Rd7 45. Bf4 Rd5 46. Bh6 Rh5 47. Be3 Rf5 48. Bd2 g5 49. Be3 Rd5 50. Kf2 h6 51. h4 gxh4 52. Bxh6 Rh5 53. Be3 Rf5+ 54. Kg1 Rd5 55. Bh6 Rd7 56. Kf2 Rf7+ 57. Kg1 Rf6 58. Be3 Rg6 59. Kf2 Rf6+ 60. Kg1 Rg6 61. Kf2 Rg3 62. Rh1 Rg4 63. Rc1 Rg8 64. Bh6 h3 65. gxh3 Rh8 66. Bg7 Rh7 67. Rg1 Rxh3 68. Bd4 Rf3+ 69. Ke1 Kc1 70. Rh1 e3 71. c6 bxc6 72. Rg1 Rh3 73. Bc5 Kc2 74. Bd4 Bd3 75. Rg2+ Kc1 76. Rg1 Bc4 77. Be5 Kc2 78. Bd4 Rf3 79. Rh1 e2 80. Bf2 0-1

[Event "Pindamonhangaba op 1st"]
[Site "Pindamonhangaba"]
[Date "2019.04.06"]
[Round "3"]
[White "Crozariol, Luiz Eduardo Andrau"]
[Black "Cabral, Gieds Nogueira"]
[Result "1/2-1/2"]
[WhiteElo "1563"]
[BlackElo "1990"]
[PlyCount "124"]
[EventDate "2019.04.06"]
[EventType "swiss"]
[EventRounds "5"]
[EventCountry "BRA"]
[SourceTitle "CBM 190 Extra"]
[Source "ChessBase"]
[SourceDate "2019.07.15"]
[SourceVersion "1"]
[SourceVersionDate "2019.07.15"]
[SourceQuality "1"]

1. c4 e5 2. Nc3 Nf6 3. g3 d5 4. cxd5 Nxd5 5. Bg2 Be6 6. Nf3 Nc6 7. 0-0 Be7 8. d3 Qd7 9. Bd2 0-0 10. a3 a6 11. Rc1 Rad8 12. b4 Nxc3 13. Bxc3 f6 14. Bb2 Rfe8 15. Qc2 Bd5 16. Rfd1 Qe6 17. Nd2 Bxg2 18. Kxg2 Rd7 19. Ne4 Nd4 20. Bxd4 exd4 21. Qc4 Bf8 22. Kf1 c6 23. Nc5 Bxc5 24. Qxe6+ Rxe6 25. Rxc5 Kf7 26. Rdc1 Ke7 27. Ke1 g6 28. Kd2 Kd6 29. a4 Rde7 30. Re1 b6 31. Rc4 Kd5 32. e4+ Rxe4 33. Rxe4 Rxe4 34. Rxc6 Re2+ 35. Kxe2 Kxc6 36. Kf3 Kd5 37. Kf4 a5 38. bxa5 bxa5 39. h3 Kc5 40. Ke4 h6 41. g4 f5+ 42. gxf5 gxf5+ 43. Ke5 h5 44. h4 f4 45. Kxf4 Kb4 46. Ke4 Kxa4 47. f4 Kb3 48. f5 a4 49. f6 a3 50. f7 a2 51. f8Q a1Q 52. Qf7+ Kc2 53. Qc4+ Kd2 54. Qxd4 Qa8+ 55. Kf4 Qg8 56. Qe3+ Kc2 57. Qe4 Qg4+ 58. Ke5 Qg3+ 59. Kd5 Qxd3+ 60. Qxd3+ Kxd3 61. Ke5 Ke3 62. Kf5 Kd3 1/2-1/2

[Event "Jacarei op 1st"]
[Site "Jacarei"]
[Date "2018.09.15"]
[Round "3"]
[White "Cabral, Gieds Nogueira"]
[Black "Nobre, Jose Adalberto Barb"]
[Result "1-0"]
[WhiteElo "1986"]
[BlackElo "1634"]
[PlyCount "67"]
[EventDate "2018.09.15"]
[EventType "swiss"]
[EventRounds "5"]
[EventCountry "BRA"]
[SourceTitle "CBM 186 Extra"]
[Source "ChessBase"]
[SourceDate "2018.08.24"]
[SourceVersion "1"]
[SourceVersionDate "2018.08.24"]
[SourceQuality "1"]

1. e4 c5 2. Nf3 g6 3. d4 cxd4 4. Nxd4 Nc6 5. Nc3 Bg7 6. Be3 Nf6 7. Bc4 0-0 8. f3 Qa5 9. Qd2 Qb4 10. Nxc6 bxc6 11. Bb3 d6 12. a3 Qb7 13. Bh6 Bd7 14. h4 c5 15. h5 Bxh6 16. Qxh6 g5 17. Qxg5+ Kh8 18. h6 Rg8 19. Qd2 Be6 20. Bxe6 fxe6 21. b3 Rg3 22. Qf2 Rag8 23. Rh2 e5 24. Ne2 Nxe4 25. Qe3 Nf6 26. Nxg3 Rxg3 27. 0-0-0 a5 28. Qe1 Rg8 29. Qxa5 Ra8 30. Qd2 Rxa3 31. Qg5 Ne8 32. Rh4 Qa7 33. Rg4 Ra1+ 34. Kd2 1-0

[Event "Osasco op"]
[Site "Osasco"]
[Date "2012.04.21"]
[Round "3"]
[White "Cabral, Gieds Nogueira"]
[Black "Santos, Maiara Eloa Garcia"]
[Result "1-0"]
[WhiteElo "1997"]
[BlackElo "1636"]
[PlyCount "67"]
[EventDate "2012.04.20"]
[EventType "swiss"]
[EventRounds "6"]
[EventCountry "BRA"]
[SourceTitle "CBM 148 Extra"]
[Source "ChessBase"]
[SourceDate "2012.06.22"]
[SourceVersion "1"]
[SourceVersionDate "2012.06.22"]
[SourceQuality "1"]

1. e4 c6 2. d4 d5 3. Nc3 dxe4 4. Nxe4 Nd7 5. Bd3 Ngf6 6. Qe2 Nxe4 7. Qxe4 Nf6 8. Qh4 g6 9. Nf3 Bg7 10. Bd2 b5 11. 0-0 0-0 12. h3 e6 13. Bg5 Bb7 14. c3 c5 15. Ne5 Qd5 16. f3 Nd7 17. Be4 Qd6 18. Bxb7 Rae8 19. Nxd7 Qxd7 20. Qe4 Rb8 21. Bc6 Qc7 22. Bf4 e5 23. Bxe5 Bxe5 24. dxe5 Rfd8 25. Rad1 a6 26. f4 c4 27. Bd5 Qb6+ 28. Kh1 Kg7 29. f5 Qc7 30. Rd4 Re8 31. e6 fxe6 32. Bxe6 Rbd8 33. Rfd1 Rxd4 34. Qxd4+ 1-0

[Event "Osasco op"]
[Site "Osasco"]
[Date "2012.04.21"]
[Round "4"]
[White "De Sousa, Felipe Mazim"]
[Black "Cabral, Gieds Nogueira"]
[Result "0-1"]
[WhiteElo "1701"]
[BlackElo "1997"]
[PlyCount "100"]
[EventDate "2012.04.20"]
[EventType "swiss"]
[EventRounds "6"]
[EventCountry "BRA"]
[SourceTitle "CBM 148 Extra"]
[Source "ChessBase"]
[SourceDate "2012.06.22"]
[SourceVersion "1"]
[SourceVersionDate "2012.06.22"]
[SourceQuality "1"]

1. d4 Nf6 2. c4 g6 3. Nc3 Bg7 4. e4 0-0 5. f3 d6 6. Bg5 h6 7. Be3 Kh7 8. Qd2 Nbd7 9. Nh3 c5 10. d5 Ne5 11. Nf2 a6 12. Be2 Nh5 13. f4 Nd7 14. g4 Nhf6 15. g5 hxg5 16. fxg5 Nh5 17. Bxh5 gxh5 18. Qe2 Rh8 19. Qxh5+ Kg8 20. Qe2 b5 21. cxb5 axb5 22. Qxb5 Ba6 23. Qb3 Ne5 24. Qd1 Rb8 25. Rb1 Nc4 26. Qc1 Qa5 27. Bd2 Ne5 28. Qd1 Qb4 29. b3 Rh3 30. Qc2 Rxc3 31. Qxc3 Qxc3 32. Bxc3 Nf3+ 33. Kd1 Bxc3 34. Kc2 Bd4 35. Nd3 Bg7 36. h4 Ne5 37. Nxe5 Bxe5 38. Rhg1 Rb4 39. Rbe1 c4 40. g6 cxb3+ 41. axb3 fxg6 42. Rxg6+ Kh7 43. Re6 Rb7 44. h5 Rc7+ 45. Kd1 Bf4 46. Rxe7+ Rxe7 47. Kc2 Kh6 48. b4 Kxh5 49. Kb3 Bb5 50. Rf1 Bxf1 0-1

[Event "Osasco op"]
[Site "Osasco"]
[Date "2012.04.20"]
[Round "2"]
[White "Matsuura, Everaldo"]
[Black "Cabral, Gieds Nogueira"]
[Result "1-0"]
[WhiteElo "2486"]
[BlackElo "1997"]
[PlyCount "51"]
[EventDate "2012.04.20"]
[EventType "swiss"]
[EventRounds "6"]
[EventCountry "BRA"]
[SourceTitle "CBM 148 Extra"]
[Source "ChessBase"]
[SourceDate "2012.06.22"]
[SourceVersion "1"]
[SourceVersionDate "2012.06.22"]
[SourceQuality "1"]

1. e4 e5 2. Nf3 Nc6 3. Bb5 a6 4. Ba4 Nf6 5. 0-0 b5 6. Bb3 Be7 7. Re1 d6 8. c3 0-0 9. h3 Nb8 10. d4 Nbd7 11. Nbd2 c5 12. Nf1 Qc7 13. Ne3 g6 14. Nd5 Nxd5 15. Bxd5 Bb7 16. Bxb7 Qxb7 17. Nh2 f5 18. exf5 gxf5 19. dxe5 dxe5 20. Bf4 Rad8 21. Qh5 e4 22. Re3 Qd5 23. Rd1 Qxa2 24. Rg3+ Kh8 25. Rxd7 Rxd7 26. Be5+ 1-0

[Event "Pindamonhangaba op"]
[Site "Pindamonhangaba"]
[Date "2011.07.17"]
[Round "4"]
[White "Cabral, Gieds Nogueira"]
[Black "Pires, Marcos Vinicius Tor"]
[Result "0-1"]
[WhiteElo "2013"]
[BlackElo "2140"]
[PlyCount "100"]
[EventDate "2011.07.15"]
[EventType "swiss"]
[EventRounds "5"]
[EventCountry "BRA"]
[SourceTitle "EXT 2014"]
[Source "ChessBase"]
[SourceDate "2013.11.20"]
[SourceVersion "1"]
[SourceVersionDate "2013.11.20"]
[SourceQuality "1"]

1. e4 c5 2. Nf3 Nc6 3. d4 cxd4 4. Nxd4 g6 5. Be3 Nf6 6. Nc3 Bg7 7. f3 0-0 8. Qd2 d5 9. Nxc6 bxc6 10. e5 Nd7 11. f4 Qa5 12. a3 e6 13. b4 Qc7 14. Be2 Nxe5 15. fxe5 Qxe5 16. 0-0 Qxc3 17. Qxc3 Bxc3 18. Rad1 a5 19. Bc5 Re8 20. b5 Bb7 21. Rf3 Bg7 22. c4 cxb5 23. cxb5 Rec8 24. Bd6 Rc3 25. Rxc3 Bxc3 26. Bc7 a4 27. Rd3 Bb2 28. Bf3 Kf8 29. Kf1 Ke8 30. Ke1 Kd7 31. b6 Kc8 32. Bd1 Bc6 33. Kd2 Kb7 34. Kc2 Bg7 35. g4 h6 36. Rf3 Be8 37. Be2 Ra5 38. Rf4 Rc5+ 39. Kd2 Bc3+ 40. Kd1 Ba5 41. Bd6 Rc3 42. Bb4 Bxb4 43. Rxb4 Rxa3 44. Ba6+ Kb8 45. Kc2 Rh3 46. Rb1 Rxh2+ 47. Kd3 Rh3+ 48. Kd4 Rb3 49. Rc1 Rxb6 50. Rc8+ Ka7 0-1

[Event "Pindamonhangaba op"]
[Site "Pindamonhangaba"]
[Date "2011.07.15"]
[Round "2"]
[White "Cabral, Gieds Nogueira"]
[Black "Dos Santos, Jose Francisco"]
[Result "0-1"]
[WhiteElo "2013"]
[BlackElo "2237"]
[PlyCount "90"]
[EventDate "2011.07.15"]
[EventType "swiss"]
[EventRounds "5"]
[EventCountry "BRA"]
[SourceTitle "EXT 2014"]
[Source "ChessBase"]
[SourceDate "2013.11.20"]
[SourceVersion "1"]
[SourceVersionDate "2013.11.20"]
[SourceQuality "1"]

1. e4 c5 2. Nf3 Nc6 3. Nc3 d6 4. d4 cxd4 5. Nxd4 e5 6. Nb3 Nf6 7. f3 Be7 8. Be3 0-0 9. Bc4 Be6 10. Bd5 Qc8 11. Qd2 Nb4 12. a3 Nbxd5 13. exd5 Bd7 14. 0-0 b5 15. Qe2 a5 16. Rfd1 Qb7 17. Qd3 Nh5 18. g4 Nf6 19. g5 Nh5 20. Nd2 f5 21. gxf6 Rxf6 22. Kh1 Nf4 23. Bxf4 Rxf4 24. Ne2 Rf7 25. Ng3 Raf8 26. Rg1 Kh8 27. Nge4 Bf5 28. Qc3 Qxd5 29. Qxa5 Qb7 30. Qb4 Qc6 31. a4 d5 32. Qc3 Qh6 33. Ng3 d4 34. Nxf5 Rxf5 35. Qd3 bxa4 36. Rxa4 Qc6 37. Ra7 Bg5 38. Qe4 Qf6 39. Nc4 Bh6 40. Rg3 Rh5 41. b4 Rh4 42. Qxe5 Qxe5 43. Nxe5 Bf4 44. Nd7 Re8 45. Ra1 Bxg3 0-1